000 00666nam a2200217 a 4500
005 20151123101400.0
008 140220b1992 ck ||||| |||| 00| 0 spa d
040 _aCO-BoIAVH
_cCO-BoIAVH
041 _aspa
044 _ack
090 _aLB
_b00308
100 _aBanchs, Ricardo A.
_97346
245 _aPlan piloto para alcanzar el aprovechamiento sustentable del loro hablador (Amazona aestiva) en Argentina
260 _aBuenos Aires
_bCITES
_bSFFS ARG
_bFVSA
_c1992?
300 _a35 p.
650 _aExplotación sostenible
_96733
650 _aAves
_942681
650 _aComercio de especies
_94307
700 _aMoschione, Flavio N.
_97348
942 _cINFORME
_2z
999 _c328
_d328